| 000 | 00792nam a22001937a 4500 | ||
|---|---|---|---|
| 005 | 20150622124239.0 | ||
| 008 | 131113t mx ||||| |||| 00| 0 spa d | ||
| 050 | 0 | 4 |
_aAS63 .A3 _bG37 1997 |
| 100 | 1 |
_aGarcía Ramírez, Sergio, _d[1938- ] |
|
| 245 | 1 | 0 |
_aItinerario de la pena : _bdiscurso de ingreso como miembro titular del Seminario de Cultura / Mexicana (11 de abril de 1997) / _cSergio García Ramírez. |
| 250 | _a1a. ed. | ||
| 260 |
_aMéxico : _bSeminario de Cultura Mexicana, _c1997. |
||
| 300 |
_a85 p. ; _c17 cm. |
||
| 504 | _aIncluye índice | ||
| 610 | 1 | 7 |
_2LEMB _aMéxico. _bSeminario de Cultura Mexicana _xAlocuciones, ensayos y conferencias |
| 700 | 1 |
_aVelasco Fernández, Rafael, _epresentación |
|
| 700 | 1 |
_aHuerta Maldonado, Miguel, _erespuesta |
|
| 942 |
_2lcc _cLIB |
||
| 999 |
_c45198 _d45198 |
||